000 01784nam a2200349 i 4500
001 000007429
003 DO-SdBNP
005 20250801143203.0
007 ta
008 090908s1985 dr c 001 0 spa d
040 _aDO-SdBNP
_bspa
_cBNPHU
_erda
041 _aspa
082 4 _a925.8
_bJ56c
_222
100 1 _aJiménez, José de Jesús,
_d1905-1982
_920632
_eautor
_4aut.
245 1 0 _aColectores de plantas de la Hispaniola /
_cJosé De Jesús Jiménez ; prólogo, Henri Alain Liogier ; composición, Matilde de Martínez ; diagramación, Charne Román Peña ; datos biográficos, José de Jesús Jiménez Olavarrieta.
264 _aSantiago de los Caballeros, República Dominicana :
_bUniversidad Católica Madre y Maestra,
_c1985.
300 _a196 páginas :
_bilustraciones, retratos ;
_c22 cm.
336 _atexto
_btxt
_2rdacontent
337 _asin mediación
_bn
_2rdamedia
338 _avolumen
_bnc
_2rdacarrier
490 0 _aColección Estudios ;
_v109
500 _aIncluye índice.
500 _aIncluye datos biográficos del autor en las páginas 13-19
504 _aBibliografías: página 184
505 _aPrólogo, 9.-- Datos biográficos del Dr. José de Jesús Jiménez Almonte, 13.-- Introducción, 21.-- Colectores de plantas en La Hispaniola, 25.-- Índice alfabético de Colectores de Plantas en La Hispaniola, 185.-- Índice cronológico de Colectores de Plantas en La Hispaniola con fechas aproximadas de colección, 191.
590 _aInventariado, 2025/ YL
650 4 _aBotánicos
_zRepública Dominicana
_920633
_xHistoria
700 1 _aAlain Liogier, Henri,
_eprologuista
_920634
_4pr.
700 1 _aJiménez Olavarrieta, José de Jesús
_ebiógrafo
_4bi.
_951183
910 _aYLockward. Validado. Control de Calidad/MAA
942 _2ddc
_cLBS1
999 _c7210
_d7210